00515 2200193 4500001002100000005001500021035002000036007000300056008004100059020001800100082001100118084001700129100002700146245005800173250001100231260003600242300003200278990001100310INLIS00000000000982920220110085241 a0010-0122000030ta220110 g 0 ind  a9786021707692 a297.14 a297.14 ABD y0 aABDULLAH, H.Supriyanto1 aYa Allah, Aku Ingin Surga-Mu /cH.Supriyanto Abdullah aCet. 1 aYogyakarta :bMitra Buku,c2013 ax, 200 hlm. ;c14 x 20.5 cm a3229 A